Normal view
MARC view
Entry Topical Term
001 - CONTROL NUMBER
- control field: 109401
003 - CONTROL NUMBER IDENTIFIER
- control field: OSt
005 - DATE AND TIME OF LATEST TRANSACTION
- control field: 20230519104010.0
008 - FIXED-LENGTH DATA ELEMENTS
- fixed length control field: 230519|| aca||aabn | a|a d
040 ## - CATALOGING SOURCE
- Original cataloging agency: OSt
- Transcribing agency: OSt
150 ## - HEADING--TOPICAL TERM
- Topical term or geographic name entry element: UGC/NET Exams
670 ## - SOURCE DATA FOUND
- Source citation: Work cat.: (OSt)123516: SULTAN (Farah) 109396, NTA UGC NET/JRF/ SET: teaching and research aptitude General Paper I, 2019